000 00206nam a22000857a 4500
008 170527b xxu||||| |||| 00| 0 eng d
100 _93150
_aNCERT
245 _aWorld History-XI
260 _aNew Delhi
_bNCERT
_c2006
999 _c6441
_d6441